000 00531nam a2200181Ia 4500
008 240729s9999 xx 000 0 und d
022 _a2822-6135
245 0 _aEndocrinology Research and Practice
260 _aTürkiye
260 _bAVES
650 _a Diseases of the endocrine glands. Clinical endocrinology
650 _a Internal medicine
650 _a Specialties of internal medicine
650 _aMedicine
856 _uhttps://doaj.org/toc/9298bd7f1e6e4c8c81473fc98b65ead5
942 _2ddc
942 _cDOAJEJ
999 _c69431
_d69431
945 _a1
_bMadushi Gamage
_c1
_dMadushi Gamage